[Diploma certificate certifying that William John Hippisley was elected a Fellow of the Surveyors' Institution on 14 April 1890] (Record no. 116389)

MARC details
000 -LEADER
fixed length control field 00634cam a22002055a 4500
001 - CONTROL NUMBER
control field L140609
008 - FIXED-LENGTH DATA ELEMENTS--GENERAL INFORMATION
fixed length control field 071001s1890 xxk eng u
035 ## - SYSTEM CONTROL NUMBER
System control number (Sirsi) u140609
041 0# - LANGUAGE CODE
Language code of text/sound track or separate title eng
110 1# - MAIN ENTRY--CORPORATE NAME
Corporate name or jurisdiction name as entry element Surveyors' Institution
9 (RLIN) 3783
245 01 - TITLE STATEMENT
Title [Diploma certificate certifying that William John Hippisley was elected a Fellow of the Surveyors' Institution on 14 April 1890]
Medium [manuscript]
260 ## - PUBLICATION, DISTRIBUTION, ETC.
Date of publication, distribution, etc. 1890
300 ## - PHYSICAL DESCRIPTION
Extent 1 sheet
Dimensions 36 x 23 cm.
351 ## - ORGANIZATION AND ARRANGEMENT OF MATERIALS
Hierarchical level Single item
500 ## - GENERAL NOTE
General note Item is mounted on to card.
600 41 - SUBJECT ADDED ENTRY--PERSONAL NAME
Personal name Hippisley, William John
651 4# - SUBJECT ADDED ENTRY--GEOGRAPHIC NAME
Geographic name United Kingdom
Chronological subdivision
690 ## - LOCAL SUBJECT ADDED ENTRY--TOPICAL TERM (OCLC, RLIN)
Topical term or geographic name as entry element ABOUT RICS
942 ## - ADDED ENTRY ELEMENTS (KOHA)
Suppress in OPAC 0
Holdings
Withdrawn status Lost status Source of classification or shelving scheme Damaged status Not for loan Home library Current library Shelving location Date acquired Total Checkouts Full call number Barcode Date last seen Copy number Price effective from Koha item type
    Dewey Decimal Classification     Historic collection Historic collection Historic collection 01/10/2007   MAP CABINET DRAWER 7 140609-2001 06/08/2019 1 06/08/2019 Archive